[Event "Aurora Spring op"]
[Site "Newmarket CAN"]
[Date "2023.03.25"]
[Round "3"]
[White "Kaufman, Raymond"]
[Black "Chiku-Ratte, Olivier-Kenta"]
[Result "0-1"]
[WhiteElo "2143"]
[BlackElo "2301"]
[PlyCount "116"]
[EventDate "2023.03.25"]
[EventType "swiss"]
[EventRounds "5"]
[EventCountry "CAN"]

1. d4 Nf6 2. c4 g6 3. Nc3 Bg7 4. e4 O-O 5. Nf3 c5 6. d5 e6 7. Bg5 h6 8. Bh4 d6
9. Nd2 e5 10. Be2 a6 11. a4 a5 12. O-O Kh8 13. g4 Qd7 14. f3 Nh7 15. Bg3 Qe7
16. Nb5 Nd7 17. h4 Rb8 18. Bd3 Ndf6 19. Rf2 h5 20. g5 Nd7 21. Rg2 f6 22. gxf6
Rxf6 23. Bf2 Bh6 24. Qe2 Ndf8 25. Nf1 b6 26. Kh1 Bd7 27. Ne3 Qf7 28. Bg3 Bxb5
29. cxb5 Bxe3 30. Qxe3 Rxf3 31. Qd2 Qd7 32. Rag1 Rf6 33. Be2 Qf7 34. Bh2 Rf2
35. Qe3 Rxg2 36. Rxg2 Nd7 37. Qh3 Ndf6 38. Qe6 Qxe6 39. dxe6 Kg7 40. Bc4 Re8
41. Rd2 Nxe4 42. Re2 Nhf6 43. Bd3 d5 44. Bxe5 Rxe6 45. Bc7 c4 46. Bxe4 Nxe4 47.
Kg2 Kf7 48. Re1 Ke7 49. Rd1 Nf6 50. Kf3 Kd7 51. Bf4 Ke7 52. Bg5 Kd6 53. Be3 Nd7
54. Bf4+ Kc5 55. Be3+ Kb4 56. Rxd5 Ne5+ 57. Kg3 Nd3 58. Bd4 Kxa4 0-1

[Event "Aurora Spring op"]
[Site "Newmarket CAN"]
[Date "2023.03.26"]
[Round "4"]
[White "Chiku-Ratte, Olivier-Kenta"]
[Black "Bora, Safal"]
[Result "1/2-1/2"]
[WhiteElo "2301"]
[BlackElo "2461"]
[PlyCount "100"]
[EventDate "2023.03.25"]
[EventType "swiss"]
[EventRounds "5"]
[EventCountry "CAN"]

1. d4 Nf6 2. c4 e6 3. Nf3 d5 4. e3 Be7 5. Bd3 b6 6. cxd5 exd5 7. O-O O-O 8. Nc3
Bb7 9. b3 Nbd7 10. Bb2 a6 11. Ne5 Ne4 12. Qc2 f5 13. Ne2 Bd6 14. Nf4 Bxe5 15.
dxe5 Ndc5 16. Bxe4 fxe4 17. Rac1 c6 18. Rfd1 Qe7 19. Ba3 Qxe5 20. Bxc5 bxc5 21.
Qxc5 Rf7 22. Qd4 Qf5 23. Rd2 g5 24. Nh5 Raf8 25. h3 Qg6 26. g4 Bc8 27. Qe5 Bd7
28. Rdc2 Re8 29. Qd4 Ree7 30. Qb6 Re6 31. Qxa6 Rf8 32. Qa7 Qf7 33. Qd4 Re7 34.
b4 Qf3 35. Ng3 h5 36. Qd1 hxg4 37. hxg4 Qxd1+ 38. Rxd1 Bxg4 39. Rdc1 Bd7 40. a4
Rb8 41. b5 cxb5 42. axb5 Rxb5 43. Rc5 Rxc5 44. Rxc5 Be6 45. Ne2 Kf7 46. Nd4 Kf6
47. Kg2 Re8 48. Rc7 Ke5 49. Rg7 Kf6 50. Rc7 Ke5 1/2-1/2

[Event "Aurora Spring op"]
[Site "Newmarket CAN"]
[Date "2023.03.26"]
[Round "5"]
[White "Hua, Eugene"]
[Black "Chiku-Ratte, Olivier-Kenta"]
[Result "0-1"]
[WhiteElo "2276"]
[BlackElo "2301"]
[PlyCount "184"]
[EventDate "2023.03.25"]
[EventType "swiss"]
[EventRounds "5"]
[EventCountry "CAN"]

1. b3 c5 2. Bb2 Nc6 3. e3 d6 4. d4 cxd4 5. exd4 d5 6. Bd3 g6 7. h3 Bg7 8. Nf3
Nf6 9. Nbd2 O-O 10. O-O Nb4 11. Be2 Bf5 12. c3 Nd3 13. Bxd3 Bxd3 14. Re1 Rc8
15. Ne5 Bf5 16. a4 Nd7 17. Ng4 Bxg4 18. Qxg4 e6 19. Re2 Qb6 20. Kh1 Qa6 21.
Rae1 b5 22. axb5 Qxb5 23. Qf3 Nb6 24. Ba3 Rfe8 25. Bc5 a5 26. c4 dxc4 27. Ne4
Red8 28. Ng5 Rd7 29. Bxb6 Qxg5 30. bxc4 Bxd4 31. Bxd4 Rxd4 32. Re5 Qf4 33. Qxf4
Rxf4 34. Kg1 a4 35. c5 Kf8 36. Rc1 a3 37. Re3 Ra8 38. Ra1 Rfa4 39. Ra2 Ke7 40.
Rd3 h5 41. c6 R8a7 42. g3 h4 43. g4 g5 44. Kg2 Rc4 45. Raxa3 Rxa3 46. Rxa3 Rxc6
47. Ra8 Rd6 48. Rb8 Rd3 49. Ra8 Rb3 50. Rc8 Kd6 51. Rf8 Rb7 52. Ra8 Rc7 53. Ra5
Rc5 54. Ra7 f6 55. Rf7 Ke5 56. Rf8 Rc2 57. Kf3 Rc3+ 58. Kg2 f5 59. gxf5 exf5
60. Ra8 Rd3 61. Ra4 Rd4 62. Ra3 g4 63. Ra8 g3 64. fxg3 Rd2+ 65. Kf3 Rd3+ 66.
Ke2 Rxg3 67. Ra4 Rxh3 68. Kf2 Kf6 69. Kg2 Rg3+ 70. Kh2 Kg5 71. Rb4 Re3 72. Rb8
Kg4 73. Rb2 f4 74. Rg2+ Kf3 75. Kh3 Re1 76. Rh2 Rg1 77. Kxh4 Rg4+ 78. Kh5 Rg8
79. Ra2 Kg3 80. Ra1 Kg2 81. Ra2+ Kh3 82. Ra3+ Rg3 83. Ra2 Rb3 84. Kg5 Kg3 85.
Kh5 Rb5+ 86. Kh6 f3 87. Ra3 Kg2 88. Ra8 f2 89. Rg8+ Kf1 90. Re8 Rf5 91. Kg6 Rf3
92. Kh5 Kg2 0-1

[Event "Excelsior March op"]
[Site "Toronto CAN"]
[Date "2023.03.11"]
[Round "3.1"]
[White "Chiku-Ratte, Olivier-Kenta"]
[Black "Nagy, Gabor"]
[Result "1-0"]
[WhiteElo "2301"]
[BlackElo "2497"]
[PlyCount "183"]
[EventDate "2023.03.19"]
[EventType "swiss"]
[EventRounds "5"]
[EventCountry "CAN"]

1. d4 Nf6 2. c4 e6 3. Nf3 d5 4. Nc3 c6 5. e3 Nbd7 6. Qc2 Bd6 7. b3 O-O 8. Be2
b6 9. O-O Bb7 10. Bb2 Qe7 11. Rfe1 Rad8 12. e4 Nxe4 13. Nxe4 dxe4 14. Qxe4 f5
15. Qh4 Qxh4 16. Nxh4 Rfe8 17. c5 Be7 18. Nf3 bxc5 19. Bc4 Nf8 20. dxc5 Bxc5
21. Re5 Be7 22. Rxf5 c5 23. Ng5 Rd2 24. Nxe6 Nxe6 25. Bxe6+ Kh8 26. Be5 Bh4 27.
g3 h6 28. Rf7 Rxe6 29. Bxg7+ Kg8 30. Rxb7 Bd8 31. Bc3 Rd3 32. Rc1 Bb6 33. Kf1
h5 34. Re1 Rxe1+ 35. Bxe1 Rd1 36. Ke2 Ra1 37. a4 c4 38. bxc4 Rxa4 39. Bd2 Ra2
40. h4 Kf8 41. Rd7 a5 42. Kf3 Rc2 43. Be3 Ke8 44. Rb7 Bd8 45. c5 Rc4 46. Ra7 a4
47. Ra8 Kd7 48. c6+ Rxc6 49. Rxa4 Ke6 50. Ra8 Rd6 51. Bf4 Rd4 52. Ra6+ Kf7 53.
Be5 Rd2 54. Rh6 Ra2 55. Bd4 Ra5 56. Ke4 Be7 57. Rc6 Rb5 58. Ra6 Rb4 59. Kd3
Rb3+ 60. Kc2 Rf3 61. Ra5 Kg6 62. Re5 Bd8 63. Be3 Rf7 64. Kd3 Bf6 65. Rd5 Rb7
66. Bg5 Bg7 67. Ke4 Rb4+ 68. Kf3 Rb3+ 69. Kg2 Ra3 70. Be7 Ra2 71. Rg5+ Kh6 72.
Bc5 Re2 73. Kf3 Re1 74. Bb4 Rd1 75. Ke2 Rh1 76. Be1 Bf6 77. Rb5 Kg6 78. Rb1 Kf5
79. Kf3 Rh2 80. Bd2 Kg6 81. Bf4 Bd4 82. Be3 Bf6 83. Ke4 Bd8 84. Rd1 Be7 85. Rd7
Bb4 86. Rb7 Ba5 87. Ra7 Bc3 88. Ra6+ Kg7 89. Kf5 Be1 90. Ra7+ Kf8 91. Bc5+ Ke8
92. Re7+ 1-0

[Event "Excelsior March op"]
[Site "Toronto CAN"]
[Date "2023.03.12"]
[Round "4.1"]
[White "Bora, Safal"]
[Black "Chiku-Ratte, Olivier-Kenta"]
[Result "1-0"]
[WhiteElo "2461"]
[BlackElo "2301"]
[PlyCount "139"]
[EventDate "2023.03.19"]
[EventType "swiss"]
[EventRounds "5"]
[EventCountry "CAN"]

1. c4 c6 2. d4 d5 3. Nf3 Nf6 4. Qc2 g6 5. cxd5 cxd5 6. Bf4 Nc6 7. Nc3 Bg7 8. e3
O-O 9. Be2 Ne4 10. O-O Bg4 11. h3 Bxf3 12. Bxf3 Nxc3 13. Qxc3 Qd7 14. Rac1 Rfc8
15. Qb3 e6 16. Rc3 Na5 17. Qc2 Rxc3 18. Qxc3 Nc4 19. b3 Nd6 20. Qa5 Bf8 21. Rc1
Rc8 22. Rxc8 Nxc8 23. Be2 Bd6 24. Bg5 Bc7 25. Qc5 Bd6 26. Bb5 Qc7 27. Qxc7 Bxc7
28. Bd3 Kg7 29. f3 Nd6 30. g4 f6 31. Bh4 g5 32. Bg3 h6 33. Kf1 Ne8 34. Be1 Kf7
35. Ke2 Ke7 36. h4 Kf7 37. h5 Bd6 38. Bd2 Bc7 39. Bg6+ Ke7 40. f4 Nd6 41. Kd3
f5 42. fxg5 hxg5 43. h6 Kf6 44. h7 Kg7 45. gxf5 Nxf5 46. Bf7 g4 47. Bxe6 g3 48.
Bxd5 Kxh7 49. Be4 Kg7 50. Bxb7 Nh4 51. Ke2 Kg6 52. Kf1 Kg5 53. Bb4 Kg4 54. Be7
Kh3 55. Bxh4 Kxh4 56. Bg2 Kg4 57. Ke2 Bb6 58. Kd3 Kf5 59. Bh3+ Kf6 60. e4 Kg5
61. Ke3 a5 62. e5 Kh4 63. Bg2 Kg4 64. Ke4 Kg5 65. d5 Kg6 66. d6 Kf7 67. Kd5 Be3
68. e6+ Ke8 69. e7 Bg5 70. Ke6 1-0

[Event "Excelsior March op"]
[Site "Toronto CAN"]
[Date "2023.03.12"]
[Round "5.4"]
[White "Chiku-Ratte, Olivier-Kenta"]
[Black "Zhang, Daniel"]
[Result "1-0"]
[WhiteElo "2301"]
[BlackElo "1498"]
[PlyCount "62"]
[EventDate "2023.03.19"]
[EventType "swiss"]
[EventRounds "5"]
[EventCountry "CAN"]

1. Nf3 d5 2. d4 Nf6 3. c4 dxc4 4. Nc3 e6 5. e3 c5 6. Bxc4 a6 7. a4 Nc6 8. O-O
Be7 9. Qe2 O-O 10. Rd1 Qb6 11. h3 Rd8 12. Bd3 h6 13. Ne5 cxd4 14. Nxc6 Qxc6 15.
exd4 Nd5 16. Nxd5 Qxd5 17. Be4 Qd6 18. a5 e5 19. Be3 f5 20. dxe5 Qxe5 21. Bf3
Bd6 22. g3 Qf6 23. Bd4 Qg6 24. Bb6 Re8 25. Rxd6 Rxe2 26. Rxg6 Rd2 27. Be3 Rd3
28. Rb6 g5 29. Bg2 Bd7 30. Bxb7 f4 31. Bxa8 fxe3 1-0

[Event "Charlotte Spring IM-B"]
[Site "Charlotte USA"]
[Date "2023.03.16"]
[Round "1.4"]
[White "Chiku-Ratte, Olivier-Kenta"]
[Black "Yu, Jiangwei"]
[Result "0-1"]
[WhiteElo "2301"]
[BlackElo "2167"]
[PlyCount "150"]
[EventDate "2023.03.14"]
[EventType "tourn"]
[EventRounds "9"]
[EventCountry "USA"]
[Source "ChessMix"]
[SourceDate "2023.03.20"]

1. d4 d5 2. c4 c6 3. Nf3 Nf6 4. Qb3 dxc4 5. Qxc4 Bf5 6. g3 e6 7. Bg2 Nbd7 8.
O-O Be7 9. Rd1 O-O 10. e3 Ne4 11. Qe2 Bg4 12. h3 Bh5 13. Nc3 Ng5 14. h4 Nxf3+
15. Bxf3 Bxf3 16. Qxf3 Qc7 17. e4 Nb6 18. Qe2 Rad8 19. a4 a5 20. h5 h6 21. Kg2
Qd6 22. b3 Rfe8 23. Bf4 Qd7 24. Qg4 Kh7 25. Be5 Rg8 26. Ne2 Bf6 27. Bf4 Qe7 28.
Be3 Qc7 29. Rac1 Nd7 30. Qf3 Rgf8 31. Nf4 Bg5 32. d5 Ne5 33. Qe2 Qc8 34. Bb6
Rde8 35. d6 Nd7 36. Bxa5 e5 37. Nd3 Bxc1 38. Nxc1 b6 39. Bc3 Re6 40. Qc4 Rd8
41. f4 b5 42. Qe2 f6 43. Qg4 Nf8 44. fxe5 fxe5 45. Qf5+ Kh8 46. Bxe5 Rde8 47.
Nd3 Nd7 48. Bb2 Rxd6 49. e5 Rd5 50. Qe4 Qd8 51. Rf1 Nc5 52. Nxc5 Rxc5 53. Kh3
Rd5 54. Qg6 Qd7+ 55. Rf5 Qe6 56. Qg4 Kh7 57. Qe4 bxa4 58. bxa4 Rb8 59. g4 Kg8
60. Bc3 Rb3 61. Qf3 Qe7 62. Qg3 Qa3 63. Rf3 Qe7 64. a5 Rd1 65. a6 Rbb1 66. Qf4
Rh1+ 67. Kg2 Rhg1+ 68. Kh3 Rh1+ 69. Kg2 Rhg1+ 70. Kh3 Rh1+ 71. Kg2 Rbg1+ 72.
Kf2 Qh4+ 73. Ke3 Re1+ 74. Bxe1 Qxe1+ 75. Kd3 Qb1+ 0-1

[Event "Charlotte Spring IM-B"]
[Site "Charlotte USA"]
[Date "2023.03.17"]
[Round "3.3"]
[White "Chiku-Ratte, Olivier-Kenta"]
[Black "Nguyen, James Le"]
[Result "1-0"]
[WhiteElo "2301"]
[BlackElo "2100"]
[PlyCount "149"]
[EventDate "2023.03.14"]
[EventType "tourn"]
[EventRounds "9"]
[EventCountry "USA"]
[Source "ChessMix"]
[SourceDate "2023.03.20"]

1. d4 d5 2. c4 c6 3. Nf3 Nf6 4. Nc3 e6 5. e3 a6 6. b3 Bb4 7. Bd2 O-O 8. Bd3
Nbd7 9. O-O Bd6 10. e4 dxc4 11. Bxc4 b5 12. e5 bxc4 13. bxc4 Be7 14. exf6 Bxf6
15. Ne4 c5 16. Nxf6+ Qxf6 17. Rb1 e5 18. d5 e4 19. Ng5 Qg6 20. f3 exf3 21. Nxf3
Nf6 22. Qb3 Re8 23. Rbe1 Ne4 24. Bf4 Qf6 25. Be3 Bf5 26. Qa3 Qc3 27. Qxc3 Nxc3
28. Bxc5 Bd3 29. Rxe8+ Rxe8 30. Re1 Rxe1+ 31. Nxe1 Bxc4 32. d6 Bb5 33. Nf3 Ne4
34. Bb4 f6 35. Nd4 Bd7 36. Kf1 Kf7 37. Ke2 f5 38. Ke3 g5 39. a3 h5 40. h4 gxh4
41. Nf3 Ke6 42. Nxh4 Nxd6 43. Ng6 Be8 44. Nf4+ Kd7 45. Kd4 Kc6 46. Ke5 Nc4+ 47.
Kxf5 Kb5 48. Nd5 Bc6 49. Nc3+ Kb6 50. g3 Ne3+ 51. Kg5 Nf1 52. Bd6 Bf3 53. Kf4
Bg4 54. Bb4 Nh2 55. a4 Kc6 56. Ne4 Bd1 57. a5 Bg4 58. Be7 Kb5 59. Bd8 Nf1 60.
Nf6 Bd1 61. Nd5 Kc6 62. Nc3 Bg4 63. Ne4 Kb5 64. Bb6 Kc6 65. Bf2 Nh2 66. Nd2 Bd1
67. Nc4 Ng4 68. Bb6 Kd5 69. Nd2 Ne5 70. Ne4 Bf3 71. Nc3+ Kc4 72. Na4 Kb5 73.
Nc5 Nc6 74. Kxf3 Nxa5 75. Bxa5 1-0

[Event "Charlotte Spring IM-B"]
[Site "Charlotte USA"]
[Date "2023.03.17"]
[Round "4.4"]
[White "Jayaraman, Roshan"]
[Black "Chiku-Ratte, Olivier-Kenta"]
[Result "0-1"]
[WhiteElo "1907"]
[BlackElo "2301"]
[PlyCount "98"]
[EventDate "2023.03.14"]
[EventType "tourn"]
[EventRounds "9"]
[EventCountry "USA"]
[Source "ChessMix"]
[SourceDate "2023.03.20"]

1. d4 Nf6 2. c4 c5 3. d5 g6 4. Nc3 Bg7 5. e4 O-O 6. Nf3 e6 7. Be2 exd5 8. exd5
Re8 9. O-O d6 10. Re1 Bf5 11. Bd3 Rxe1+ 12. Nxe1 Bxd3 13. Nxd3 Na6 14. Bg5 h6
15. Bh4 Nb4 16. Ne1 Qe7 17. a3 Na6 18. Nd3 Re8 19. f3 Nb8 20. Qc2 Qd8 21. Re1
Rxe1+ 22. Bxe1 a6 23. b4 cxb4 24. axb4 b5 25. Qb3 bxc4 26. Qxc4 Nfd7 27. Na4
Qe8 28. Bc3 Nf6 29. Bxf6 Bxf6 30. Nc3 Qe3+ 31. Kf1 Bxc3 32. Qxc3 Nd7 33. Qc8+
Kg7 34. Qxa6 Qd4 35. Qa3 Qc4 36. Ke1 Nb6 37. Kd2 Qxd5 38. Qc3+ Kg8 39. Kc2 Nc4
40. Kb1 Ne3 41. Ne1 Qd1+ 42. Qc1 Qe2 43. g3 Nc4 44. Nc2 Qxf3 45. Ka2 Qc3 46.
Qb1 Nd2 47. Qb2 Qc4+ 48. Ka1 Qa6+ 49. Qa3 Qf1+ 0-1

[Event "Charlotte Spring IM-B"]
[Site "Charlotte USA"]
[Date "2023.03.18"]
[Round "5.2"]
[White "Chiku-Ratte, Olivier-Kenta"]
[Black "Sriniaiyer, Sudarshan"]
[Result "0-1"]
[WhiteElo "2301"]
[BlackElo "2186"]
[PlyCount "134"]
[EventDate "2023.03.14"]
[EventType "tourn"]
[EventRounds "9"]
[EventCountry "USA"]
[Source "ChessMix"]
[SourceDate "2023.03.20"]

1. d4 Nf6 2. c4 e6 3. Nf3 d5 4. Nc3 Bb4 5. cxd5 exd5 6. Bg5 h6 7. Bh4 Nbd7 8.
e3 g5 9. Bg3 Ne4 10. Qb3 c5 11. Bb5 Qa5 12. O-O c4 13. Qa4 Bxc3 14. bxc3 Qxa4
15. Bxa4 Nxc3 16. Bc2 Ne2+ 17. Kh1 Nxg3+ 18. fxg3 O-O 19. e4 dxe4 20. Nd2 Nb6
21. Nxe4 Be6 22. h4 gxh4 23. Nf6+ Kh8 24. Be4 Rad8 25. Rad1 Bd5 26. gxh4 Bxe4
27. Nxe4 Nd5 28. Rb1 b6 29. a4 f5 30. Ng3 f4 31. Nh5 Kh7 32. Rbe1 c3 33. Rf2
Rde8 34. Rc1 Kg6 35. Nxf4+ Rxf4 36. Rxf4 Nxf4 37. Rxc3 Nd5 38. Rc6+ Kh5 39. Rd6
Ne3 40. Kh2 Nf5 41. Rd7 Re7 42. Rd8 Re4 43. d5 Rxh4+ 44. Kg1 Rd4 45. Kf2 Kg5
46. Rd7 Rxa4 47. d6 Rd4 48. Rxa7 Rxd6 49. Rb7 Kf4 50. Ke2 Ke4 51. g4 Nd4+ 52.
Kf2 Kf4 53. Rg7 Ne6 54. Rg6 Ng5 55. Rg8 Kxg4 56. Ke3 h5 57. Rc8 h4 58. Rc4+ Kg3
59. Rc1 Re6+ 60. Kd4 h3 61. Rg1+ Kh4 62. Kd5 Re2 63. Rb1 h2 64. Rb4+ Kg3 65.
Rb3+ Nf3 66. Rb1 Re1 67. Rxe1 Nxe1 0-1

[Event "Charlotte Spring IM-B"]
[Site "Charlotte USA"]
[Date "2023.03.18"]
[Round "6.5"]
[White "Vanapalli, Vishnu"]
[Black "Chiku-Ratte, Olivier-Kenta"]
[Result "1-0"]
[WhiteElo "2226"]
[BlackElo "2301"]
[PlyCount "157"]
[EventDate "2023.03.14"]
[EventType "tourn"]
[EventRounds "9"]
[EventCountry "USA"]
[Source "ChessMix"]
[SourceDate "2023.03.20"]
[TimeControl "5400+30"]

1. e4 {[%emt 0:00:57]} e5 {[%emt 0:00:18]} 2. Nf3 {[%emt 0:00:11]} Nc6 {
[%emt 1:31:12]} 3. Bc4 {[%emt 0:02:19]} Nf6 {[%emt 0:00:00]} 4. d3 {
[%emt 0:00:12]} h6 {[%emt 0:00:00]} 5. O-O {[%emt 0:00:15]} d6 {[%emt 0:00:00]}
6. c3 {[%emt 0:01:04]} g6 {[%emt 0:00:00]} 7. d4 {[%emt 0:01:39]} Qe7 {
[%emt 0:00:00]} 8. Re1 {[%emt 0:03:13]} Bg7 {[%emt 0:00:00]} 9. Nbd2 {
[%emt 0:01:53]} O-O {[%emt 0:00:00]} 10. h3 {[%emt 0:00:17]} a6 {[%emt 0:00:00]
} 11. a4 {[%emt 0:09:53]} exd4 {[%emt 0:00:00]} 12. cxd4 {[%emt 0:00:31]} Nd7 {
[%emt 0:00:00]} 13. Nf1 {[%emt 0:03:50]} Nb6 {[%emt 0:00:00]} 14. Bb3 {
[%emt 0:05:47]} a5 {[%emt 0:00:00]} 15. Be3 {[%emt 0:08:10]} Qd8 {
[%emt 0:00:00]} 16. Ng3 {[%emt 0:03:17]} d5 {[%emt 0:00:00]} 17. e5 {
[%emt 0:08:17]} Nc4 {[%emt 0:00:00]} 18. Bxc4 {[%emt 0:04:45]} dxc4 {
[%emt 0:00:00]} 19. Qc1 {[%emt 0:01:11]} Nb4 {[%emt 0:00:00]} 20. Qxc4 {
[%emt 0:04:38]} Be6 {[%emt 0:00:00]} 21. Qe2 {[%emt 0:00:24]} Bd5 {
[%emt 0:00:00]} 22. Rec1 {[%emt 0:03:47]} Qd7 {[%emt 0:00:00]} 23. Nd2 {
[%emt 0:01:44]} f5 {[%emt 0:00:00]} 24. exf6 {[%emt 0:02:32]} Rxf6 {
[%emt 0:00:00]} 25. Nc4 {[%emt 0:02:45]} Nc6 {[%emt 0:11:30]} 26. Ne5 {
[%emt 0:03:08]} Nxe5 {[%emt 0:00:30]} 27. dxe5 {[%emt 0:01:15]} Rc6 {
[%emt 0:00:00]} 28. f4 {[%emt 0:02:19]} Rxc1+ {[%emt 0:00:00]} 29. Rxc1 {
[%emt 0:00:42]} Bc6 {[%emt 0:00:00]} 30. Qc2 {[%emt 0:09:00]} Qe6 {
[%emt 0:00:00]} 31. Rd1 {[%emt 0:00:39]} Rf8 {[%emt 0:00:00]} 32. Ne2 {
[%emt 0:02:56]} Qf7 {[%emt 0:00:00]} 33. Nc3 {[%emt 0:01:57]} g5 {
[%emt 0:00:00]} 34. fxg5 {[%emt 0:01:06]} hxg5 {[%emt 0:00:00]} 35. Bxg5 {
[%emt 0:04:06]} Bxe5 {[%emt 0:00:00]} 36. Qe2 {[%emt 0:03:58]} Qf5 {
[%emt 0:00:00]} 37. Be3 {[%emt 0:00:31]} Qg6 {[%emt 0:00:00]} 38. Bd4 {
[%emt 0:02:56]} Bd6 {[%emt 0:00:00]} 39. Rd3 {[%emt 0:00:56]} Bf4 {
[%emt 0:00:00]} 40. Qg4 {[%emt 0:00:58]} Qxg4 {[%emt 0:00:00]} 41. hxg4 {
[%emt 0:00:02]} Kh7 {[%emt 0:00:00]} 42. Ne2 {[%emt 0:00:47]} Bd6 {
[%emt 0:00:31]} 43. b3 {[%emt 0:00:21]} Kg6 {[%emt 0:07:59]} 44. Re3 {
[%emt 0:00:22]} Kg5 {[%emt 0:00:00]} 45. Be5 {[%emt 0:00:07]} Bc5 {
[%emt 0:00:00]} 46. Bd4 {[%emt 0:00:05]} Bd6 {[%emt 0:00:00]} 47. Be5 {
[%emt 0:00:07]} Bb4 {[%emt 0:00:02]} 48. Nd4 {[%emt 0:00:08]} Bd5 {
[%emt 0:01:19]} 49. Bxc7 {[%emt 0:00:44]} Kxg4 {[%emt 0:00:07]} 50. Re5 {
[%emt 0:01:01]} Rc8 {[%emt 0:01:08]} 51. Bxa5 {[%emt 0:01:20]} Bxa5 {
[%emt 0:00:38]} 52. Rxd5 {[%emt 0:00:06]} Bb6 {[%emt 0:00:21]} 53. Kf1 {
[%emt 0:00:30]} Rc3 {[%emt 0:00:24]} 54. Ke2 {[%emt 0:00:55]} Rg3 {
[%emt 0:00:09]} 55. Rd6 {[%emt 0:00:40]} Rxg2+ {[%emt 0:00:44]} 56. Kf1 {
[%emt 0:00:32]} Rd2 {[%emt 0:00:12]} 57. Rg6+ {[%emt 0:00:34]} Kf4 {
[%emt 0:00:28]} 58. Ne2+ {[%emt 0:00:17]} Ke3 {[%emt 0:01:04]} 59. Re6+ {
[%emt 0:00:05]} Kf3 {[%emt 0:00:06]} 60. Rf6+ {[%emt 0:00:03]} Ke3 {
[%emt 0:00:05]} 61. Rxb6 {[%emt 0:00:04]} Rd1+ {[%emt 0:01:26]} 62. Kg2 {
[%emt 0:00:04]} Kxe2 {[%emt 0:01:17]} 63. Re6+ {[%emt 0:01:10]} Kd3 {
[%emt 0:00:00]} 64. Rd6+ {[%emt 0:00:16]} Kc2 {[%emt 0:00:00]} 65. Rxd1 {
[%emt 0:00:18]} Kxd1 {[%emt 0:00:41]} 66. b4 {[%emt 0:00:21]} Kc2 {
[%emt 0:00:47]} 67. a5 {[%emt 0:00:13]} Kb3 {[%emt 0:00:25]} 68. b5 {
[%emt 0:00:05]} Kb4 {[%emt 0:00:24]} 69. a6 {[%emt 0:00:04]} b6 {[%emt 0:00:04]
} 70. a7 {[%emt 0:00:05]} Kxb5 {[%emt 0:00:15]} 71. a8=Q {[%emt 0:00:07]} Kb4 {
[%emt 0:00:04]} 72. Qe4+ {[%emt 0:00:10]} Ka5 {[%emt 0:00:10]} 73. Kf3 {
[%emt 0:00:07]} b5 {[%emt 0:00:07]} 74. Ke2 {[%emt 0:00:05]} b4 {[%emt 0:00:05]
} 75. Qc2 {[%emt 0:00:12]} Kb5 {[%emt 0:00:05]} 76. Qb3 {[%emt 0:00:05]} Kc5 {
[%emt 0:03:53]} 77. Kd3 {[%emt 0:00:05]} Kb5 {[%emt 0:00:00]} 78. Kd4 {
[%emt 0:00:05]} Ka5 {[%emt 0:00:00]} 79. Kc5 {[%emt 0:00:12]} 1-0

[Event "Charlotte Spring IM-B"]
[Site "Charlotte USA"]
[Date "2023.03.19"]
[Round "7.1"]
[White "Chiku-Ratte, Olivier-Kenta"]
[Black "Adamson, Robby"]
[Result "1-0"]
[WhiteElo "2301"]
[BlackElo "2265"]
[PlyCount "109"]
[EventDate "2023.03.14"]
[EventType "tourn"]
[EventRounds "9"]
[EventCountry "USA"]
[Source "ChessMix"]
[SourceDate "2023.03.20"]
[TimeControl "5400+30"]

1. Nf3 {[%emt 0:05:56]} d5 {[%emt 0:00:06]} 2. d4 {[%emt 0:00:16]} Nf6 {
[%emt 0:00:08]} 3. c4 {[%emt 0:00:05]} e6 {[%emt 0:00:19]} 4. g3 {
[%emt 0:00:03]} Bb4+ {[%emt 0:00:07]} 5. Bd2 {[%emt 0:00:18]} Be7 {
[%emt 0:00:15]} 6. Qc2 {[%emt 0:00:09]} O-O {[%emt 0:00:28]} 7. Bg2 {
[%emt 0:00:02]} c6 {[%emt 0:00:07]} 8. O-O {[%emt 0:00:05]} Nbd7 {
[%emt 0:00:03]} 9. Bf4 {[%emt 0:00:14]} b6 {[%emt 0:00:11]} 10. Nbd2 {
[%emt 0:03:00]} Nh5 {[%emt 0:03:33]} 11. cxd5 {[%emt 0:01:19]} Nxf4 {
[%emt 0:01:22]} 12. gxf4 {[%emt 0:00:05]} cxd5 {[%emt 0:00:25]} 13. Rfc1 {
[%emt 0:00:19]} Ba6 {[%emt 0:12:03]} 14. e3 {[%emt 0:00:17]} Rc8 {
[%emt 0:10:09]} 15. Qa4 {[%emt 0:00:27]} Nb8 {[%emt 0:00:00]} 16. Bf1 {
[%emt 0:03:13]} Bxf1 {[%emt 0:03:04]} 17. Kxf1 {[%emt 0:00:15]} Qd7 {
[%emt 0:00:10]} 18. Qb3 {[%emt 0:01:17]} Nc6 {[%emt 0:01:58]} 19. Qb5 {
[%emt 0:01:32]} Nb8 {[%emt 0:08:03]} 20. Qxd7 {[%emt 0:05:07]} Nxd7 {
[%emt 0:02:02]} 21. Ne5 {[%emt 0:00:14]} Nb8 {[%emt 0:04:15]} 22. Ke2 {
[%emt 0:02:00]} f6 {[%emt 0:00:24]} 23. Nd3 {[%emt 0:00:18]} Bd6 {
[%emt 0:07:58]} 24. h3 {[%emt 0:01:01]} Kf7 {[%emt 0:00:39]} 25. a4 {
[%emt 0:02:16]} Rxc1 {[%emt 0:02:04]} 26. Rxc1 {[%emt 0:00:45]} Na6 {
[%emt 0:06:02]} 27. a5 {[%emt 0:06:04]} Ke7 {[%emt 0:01:56]} 28. axb6 {
[%emt 0:02:46]} axb6 {[%emt 0:00:08]} 29. f3 {[%emt 0:00:23]} Kd7 {
[%emt 0:01:55]} 30. Rg1 {[%emt 0:02:05]} Rf7 {[%emt 0:00:25]} 31. h4 {
[%emt 0:02:13]} Nb8 {[%emt 0:05:20]} 32. e4 {[%emt 0:03:38]} Nc6 {
[%emt 0:00:52]} 33. Ke3 {[%emt 0:00:36]} Ne7 {[%emt 0:08:06]} 34. h5 {
[%emt 0:03:24]} Bc7 {[%emt 0:02:33]} 35. Nf1 {[%emt 0:03:57]} Bd6 {
[%emt 0:02:48]} 36. Nh2 {[%emt 0:01:06]} Nc6 {[%emt 0:02:28]} 37. Ng4 {
[%emt 0:00:56]} Bc7 {[%emt 0:02:01]} 38. h6 {[%emt 0:06:01]} g6 {[%emt 0:00:23]
} 39. Rc1 {[%emt 0:01:15]} Bd6 {[%emt 0:05:28]} 40. e5 {[%emt 0:02:23]} Ne7 {
[%emt 0:05:40]} 41. exd6 {[%emt 0:16:08]} Nf5+ {[%emt 0:00:23]} 42. Kf2 {
[%emt 0:00:10]} Kxd6 {[%emt 0:00:03]} 43. Rc8 {[%emt 0:02:22]} Nxd4 {
[%emt 0:00:33]} 44. Rd8+ {[%emt 0:01:08]} Kc7 {[%emt 0:00:30]} 45. Ra8 {
[%emt 0:03:13]} Kb7 {[%emt 0:00:51]} 46. Re8 {[%emt 0:01:59]} Kc7 {
[%emt 0:00:26]} 47. Ne3 {[%emt 0:04:32]} Kd7 {[%emt 0:01:01]} 48. Rg8 {
[%emt 0:00:54]} Nc6 {[%emt 0:00:27]} 49. Ng4 {[%emt 0:01:50]} Ke7 {
[%emt 0:02:50]} 50. Rc8 {[%emt 0:00:39]} Nd4 {[%emt 0:01:44]} 51. Rb8 {
[%emt 0:00:41]} b5 {[%emt 0:00:21]} 52. Rb6 {[%emt 0:01:24]} Kd7 {
[%emt 0:00:46]} 53. Ra6 {[%emt 0:00:46]} Kc8 {[%emt 0:00:32]} 54. b4 {
[%emt 0:00:44]} Kb8 {[%emt 0:00:23]} 55. Nc5 {[%emt 0:00:14]} 1-0

[Event "Charlotte Spring IM-B"]
[Site "Charlotte USA"]
[Date "2023.03.19"]
[Round "8.5"]
[White "Chiku-Ratte, Olivier-Kenta"]
[Black "Georgiev, Vladimir"]
[Result "1/2-1/2"]
[WhiteElo "2301"]
[BlackElo "2404"]
[PlyCount "50"]
[EventDate "2023.03.14"]
[EventType "tourn"]
[EventRounds "9"]
[EventCountry "USA"]
[Source "ChessMix"]
[SourceDate "2023.03.20"]
[TimeControl "5400+30"]

1. d4 {[%emt 0:08:45]} Nf6 {[%emt 0:02:57]} 2. c4 {[%emt 0:00:06]} e6 {
[%emt 0:00:05]} 3. Nc3 {[%emt 0:00:44]} d5 {[%emt 0:01:35]} 4. cxd5 {
[%emt 0:00:16]} exd5 {[%emt 0:00:05]} 5. Bg5 {[%emt 0:00:05]} c6 {
[%emt 0:00:16]} 6. e3 {[%emt 0:00:11]} Bd6 {[%emt 0:00:16]} 7. Bd3 {
[%emt 0:00:57]} h6 {[%emt 0:00:16]} 8. Bh4 {[%emt 0:00:36]} O-O {[%emt 0:00:13]
} 9. Qc2 {[%emt 0:00:39]} a5 {[%emt 0:00:14]} 10. Nf3 {[%emt 0:04:59]} Re8 {
[%emt 0:00:58]} 11. O-O {[%emt 0:02:37]} Na6 {[%emt 0:01:02]} 12. a3 {
[%emt 0:01:20]} Bg4 {[%emt 0:01:29]} 13. Nd2 {[%emt 0:01:06]} Bd7 {
[%emt 0:00:38]} 14. Bh7+ {[%emt 0:06:16]} Kh8 {[%emt 0:00:43]} 15. Bf5 {
[%emt 0:00:16]} Be6 {[%emt 0:02:04]} 16. Bg3 {[%emt 0:03:14]} Bxg3 {
[%emt 0:03:20]} 17. hxg3 {[%emt 0:00:16]} Nc7 {[%emt 0:00:42]} 18. Na4 {
[%emt 0:00:32]} Bxf5 {[%emt 0:01:20]} 19. Qxf5 {[%emt 0:00:27]} Nb5 {
[%emt 0:06:21]} 20. Nc5 {[%emt 0:04:31]} Nd6 {[%emt 0:02:42]} 21. Qf4 {
[%emt 0:01:28]} a4 {[%emt 0:04:05]} 22. Rac1 {[%emt 0:02:19]} Qe7 {
[%emt 0:04:44]} 23. Nd3 {[%emt 0:01:30]} g5 {[%emt 0:01:46]} 24. Qf3 {
[%emt 0:00:58]} Nfe4 {[%emt 0:00:07]} 25. Rfd1 {[%emt 0:02:53]} Ra5 {
[%emt 0:07:03]} 1/2-1/2